Baby Names: 'R' Girl Names by Decade Quiz Stats

 Plays Quiz Updated Oct 4, 2018

Challenge
Share
Tweet
Embed
Score 0/65 Timer 08:00
1 Play Today
Decade Name % Correct
1970sRachel
88.8%
1980sRachel
88.8%
1990sRachel
88.8%
2000sRachel
88.8%
1880sRose
78.5%
1890sRose
78.5%
1900sRose
78.5%
1910sRose
78.5%
1920sRose
78.5%
1930sRose
78.5%
1940sRose
78.5%
1950sRose
78.5%
1880sRebecca
76.6%
1890sRebecca
76.6%
1940sRebecca
76.6%
1950sRebecca
76.6%
1960sRebecca
76.6%
1970sRebecca
76.6%
1980sRebecca
76.6%
1990sRebecca
76.6%
2000sRebecca
76.6%
1880sRuth
64.9%
1890sRuth
64.9%
1900sRuth
64.9%
1910sRuth
64.9%
1920sRuth
64.9%
1930sRuth
64.9%
1940sRuth
64.9%
1950sRuth
64.9%
1880sRosa
60.7%
1890sRosa
60.7%
1900sRosa
60.7%
1910sRosa
60.7%
Decade Name % Correct
1960sRhonda
55.2%
1970sRhonda
55.2%
1910sRita
52.2%
1920sRita
52.2%
1930sRita
52.2%
1940sRita
52.2%
1950sRita
52.2%
1900sRosie
51.2%
1880sRuby
48.7%
1890sRuby
48.7%
1900sRuby
48.7%
1910sRuby
48.7%
1920sRuby
48.7%
1930sRuby
48.7%
2000sRuby
48.7%
2000sRiley
47.5%
1930sRoberta
46.8%
1940sRoberta
46.8%
1980sRachael
42.6%
1990sRachael
42.6%
1950sRobin
38.9%
1960sRobin
38.9%
1970sRobin
38.9%
1980sRobin
38.9%
1960sRenee
38.2%
1970sRenee
38.2%
1980sRenee
38.2%
1920sRosemary
37.7%
1960sRegina
34.1%
1990sRebekah
28.1%
1990sRaven
24.5%
2000sRylee
14.3%

You're not logged in!

Compare scores with friends on all Sporcle quizzes.
OR
Log In

You Might Also Like...

Show Comments

Extras

Top Quizzes Today


Score Distribution

Your Account Isn't Verified!

In order to create a playlist on Sporcle, you need to verify the email address you used during registration. Go to your Sporcle Settings to finish the process.

Report this User

Report this user for behavior that violates our Community Guidelines.

Details: